Penyebaran Islam & silsilah ulama sejagat dunia Melayu : Jilid 12

Bibliographic Details
Main Author: Wan Mohd. Shaghir Abdullah, Haji
Format: Book
Published: Kuala Lumpur : Khazanah Fathaniyah , 2000
Series:Pengenalan ; siri ke 13
Subjects:

MARC

LEADER 00000cam a2200000 7i4500
001 0000014946
005 20080307.0
008 080307
020 |a 9839701428 
090 0 0 |a 922.9709598   |b WAN 
100 0 |a Wan Mohd. Shaghir Abdullah, Haji 
245 1 0 |a Penyebaran Islam & silsilah ulama sejagat dunia Melayu :   |b Jilid 12   |c Hj. Wan Mohd. Shaghir Abdullah 
246 0 |a Penyebaran Islam dan silsilah ulama sejagat dunia Melayu 
260 |a Kuala Lumpur :   |b Khazanah Fathaniyah ,   |c 2000 
440 |a Pengenalan ; siri ke 13 
650 0 |a Islam   |x Malay Archipelago   |x History 
650 0 |a Ulama   |x Malay   |x Archipelago   |x Biography 
999 |a 0001016644   |b Book   |c Adult Collection   |e Perbadanan Perpustakaan Awam Johor 
999 |a 0001016646   |b Book   |c Adult Collection   |e Perbadanan Perpustakaan Awam Johor